000 00303nam a22001337a 4500
008 170605b xxu||||| |||| 00| 0 eng d
020 _a13537605
041 _aeng
080 _a94
100 _a18
101 _aSHH
245 _aA LITERRATURE HISTORY OF ENGLAND
_cBAUCH.A.C
942 _2udc
_cBK
999 _c15933
_d15933